000 01172pam a22003251a 4500
999 _c7618
_d7618
001 7618
003 BD-JhCC
005 20220825134021.0
008 830524r19831981enk b 000 0 eng
020 _a0521283647
035 _a(BD-JhCC)7618
040 _aDLC
_cDLC
_dDLC
_dBD-JhCC
041 _aeng
050 1 0 _aPE1128.A2
_bG683 1983
082 0 0 _a428.6/4
_219
_bGRE 1983
100 1 _aGrellet, Françoise.
245 1 0 _aDeveloping reading skills :
_ba practical guide to reading comprehension exercises /
_cFrançoise Grellet.
260 _aCambridge [Cambridgeshire] ;
_aNew York :
_bCambridge University Press,
_c1983, c1981.
300 _ap. cm.
440 0 _aNew directions in language teaching
500 _aCataloging based on CIP information.
500 _aOriginally published in 1981.
504 _aBibliography: p.
650 0 _aEnglish language
_xStudy and teaching
_xForeign speakers.
650 0 _aReading comprehension.
856 4 2 _3Publisher description
_uhttp://www.loc.gov/catdir/description/cam022/80042040.html
856 4 1 _3Table of contents
_uhttp://www.loc.gov/catdir/toc/cam026/80042040.html
942 _2ddc
_cBK
_01